| 000 | 00779nam a2200217 a 4500 | ||
|---|---|---|---|
| 003 | MX-MxUPN | ||
| 005 | 20241023120414.0 | ||
| 008 | 991125s1964 mx r 000 0 spa d | ||
| 035 | _aUPN01000005771 | ||
| 040 |
_aMX-MxUPN _bspa _cMX-MxUPN |
||
| 041 | 0 | _aspa | |
| 050 | 4 |
_aLB775.6 A482 _bV5.2 |
|
| 100 | 1 |
_aVillafaña, Artemio _952179 |
|
| 245 | 1 | 0 | _aBiografía del Prof. Dn. Lauro Aguirre |
| 260 |
_aTampico, Tamps. : _b[editor no identificado], _c1964. |
||
| 300 | _a53 páginas | ||
| 500 | _a"Edición en homenaje a la Escuela Normal y Preparatoria de Tamaulipas en el LXXV aniversario de su fundación" | ||
| 600 | 1 | 4 |
_aAguirre, Lauro, _d1882-1928 _91940 |
| 650 | 4 |
_aEducadores mexicanos _917855 |
|
| 710 | 2 |
_aMuseo Pedagógico Nacional (México) _951335 _epropietario anterior |
|
| 999 |
_c5771 _d5771 |
||